| 000 | 00599nam a22001817a 4500 | ||
|---|---|---|---|
| 003 | CEME | ||
| 005 | 20210628204112.0 | ||
| 008 | 210112b xxu||||| |||| 00| 0 eng d | ||
| 020 | _a9788131758113 | ||
| 040 | _cceme | ||
| 082 | _a621.38212 GRA | ||
| 100 |
_aGrayson, Mark , Shatzkamer, Kevin , Wainner, Scott _968750 |
||
| 245 | _aIp design for mobile networks , revolutionizing the architecture and implementation of mobile networks | ||
| 260 |
_aINDIA _bPEARSON EDUCATION _c2012 |
||
| 300 | _aXVIII, 531P | ||
| 650 |
_aMOBILE NETWORKS.IP DESIGN FOR MOBILE NETWORKS. _968751 |
||
| 942 |
_cBK _2ddc |
||
| 999 |
_c576227 _d576227 |
||